| 000 | 00511nam a22001697a 4500 | ||
|---|---|---|---|
| 005 | 20251108163345.0 | ||
| 008 | 250721s1988 xx 000 0 ara d | ||
| 082 | 1 | 4 | _a210.430143/جرا |
| 100 | 1 | _aالجراجره، عيسى حسن | |
| 245 | 1 | 0 | _aريادة الإسلام في تفهم خصوصية عالم الأطفال ... / |
| 264 | 1 |
_aعمان : _bدار ابن رشد، _c1988 1988. |
|
| 300 | _a279ص. | ||
| 650 | 1 | 7 | _aالإسلام |
| 650 | 1 | 7 | _aالأطفال |
| 942 |
_2ddc _cBK |
||
| 999 |
_c628 _d628 |
||